|
|
|
|
| LEADER |
00000cam a22000004a 4500 |
| 001 |
musev2_67289 |
| 003 |
MdBmJHUP |
| 005 |
20230905050927.0 |
| 006 |
m o d |
| 007 |
cr||||||||nn|n |
| 008 |
190707t20192019enk o 00 0 eng d |
| 020 |
|
|
|a 9781526140937
|
| 020 |
|
|
|z 1526140934
|
| 020 |
|
|
|z 9781526140920
|
| 035 |
|
|
|a (OCoLC)1107634994
|
| 040 |
|
|
|a MdBmJHUP
|c MdBmJHUP
|
| 100 |
1 |
|
|a Mayo, Peter,
|d 1955-
|e author.
|
| 245 |
1 |
0 |
|a Higher education in a globalising world :
|b Community engagement and lifelong learning /
|c Peter Mayo.
|
| 264 |
|
1 |
|a Manchester :
|b Manchester University Press,
|c 2019.
|
| 264 |
|
3 |
|a Baltimore, Md. :
|b Project MUSE,
|c 2019
|
| 264 |
|
4 |
|c ©2019.
|
| 300 |
|
|
|a 1 online resource (256 pages).
|
| 336 |
|
|
|a text
|b txt
|2 rdacontent
|
| 337 |
|
|
|a computer
|b c
|2 rdamedia
|
| 338 |
|
|
|a online resource
|b cr
|2 rdacarrier
|
| 490 |
0 |
|
|a Universities and lifelong learning series
|
| 505 |
0 |
|
|a Preface / by Budd L. Hall -- Introduction : globalisation and the HE market -- Changing conceptions of lifelong education/ learning -- The EU's HE discourse and the challenges of globalisation -- Extending the EU's higher education discourse to the rest of the Mediterranean -- Mainstream and alternative HE discourses in LLL -- University/HE LLL and the community -- University community engagement project : engaging the popular imagination and the 'Holy Week' culture -- Whither European universities and other HE institutions and LLL? -- Postscript / by Rosemary Deem.
|
| 520 |
|
|
|a The book provides an overview of Higher Education discourses in Europe and beyond, devoting attention to alternative subaltern discourses that can provide the germs for a higher education which could come into fruition in the future.
|
| 588 |
|
|
|a Description based on print version record.
|
| 650 |
|
7 |
|a Higher education and state.
|2 fast
|0 (OCoLC)fst00956548
|
| 650 |
|
7 |
|a Education, Higher.
|2 fast
|0 (OCoLC)fst00903005
|
| 650 |
|
7 |
|a EDUCATION
|x General.
|2 bisacsh
|
| 650 |
|
6 |
|a Enseignement superieur
|x Politique gouvernementale
|z Europe.
|
| 650 |
|
6 |
|a Enseignement superieur
|z Europe.
|
| 650 |
|
0 |
|a Higher education and state
|z Europe.
|
| 650 |
|
0 |
|a Education, Higher
|z Europe.
|
| 651 |
|
7 |
|a Europe.
|2 fast
|0 (OCoLC)fst01245064
|
| 655 |
|
7 |
|a Electronic books.
|2 local
|
| 710 |
2 |
|
|a Project Muse.
|e distributor
|
| 830 |
|
0 |
|a Book collections on Project MUSE.
|
| 856 |
4 |
0 |
|z Texto completo
|u https://projectmuse.uam.elogim.com/book/67289/
|
| 945 |
|
|
|a Project MUSE - Custom Collection
|
| 945 |
|
|
|a Project MUSE - 2019 Complete
|
| 945 |
|
|
|a Project MUSE - 2019 Higher Education
|